000 00397nam a2200169Ia 4500
001 28853
003 IN-NITTTR
005 20251114233355.0
008 251113s9999||||xx |||||||||||||| ||eng||
040 _beng
040 _cIN-NITTTR
041 _aeng
082 _a620.004 A67I
100 _aArora, Jasbir S.
245 0 _aIntroduction to optimum design /
_cArora, Jasbir S.
942 _2ddc
_cBK
999 _c31481
_d31481